Vevey - Choix Multiples - Statistiques

Statistiques générales
  • Ce quiz a été pris 27 fois
  • Le résultat moyen est 8 sur 10
Statistiques - réponses
Question Réponse % Correct
Quel lac borde la ville ? Léman
100%
Quelle multinationale fondée en 1866 a ses quartiers à Vevey ? Nestlé
100%
Quelle célébration inscrite au patrimoine immatériel de l'UNESCO se déroule en grandes pompes à Vevey ? La Fête des Vignerons
96%
Avec quelle autre grande ville vaudoise Vevey compose-t-elle une agglomération ? Montreux
92%
Comment se nomme la place principale de la ville, et lieu de diverses manifestations ? Place du marché
92%
Quel acteur britannique s'est réfugié à Corsier-sur-Vevey et possède de nombreuses références en ville ? Charlie Chaplin
88%
Quel art est mis à l'honneur dans un musée de la ville et avec plusieurs événements ? Photographie
83%
Quel drôle d'objet en grand format est planté dans l'eau, au bord du lac ? Une fourchette
83%
Quel basketteur originaire de la ville a joué pour 5 franchises NBA avant de avant de rejouer brièvement à Vevey ? Thabo Sefolosha
67%
Quelle œuvre de Jean-Jacques Rousseau se déroule dans les environs de Vevey ? Julie ou la Nouvelle Héloïse
33%
Aucun quiz correspondant
Distribution des résultats
% des personnes avec chaque résultat
Percentile par nombre de réponses
Votre historique - résultats
Vous n’avez pas pris ce quiz